000 00765nam a2200265Ia 4500
003 OSt
005 20220925232819.0
006 a|||||r|||| 00| 0
007 ta
008 220923b |||||||| |||| 00| 0 eng d
037 _cGeneral Book
040 _aRTL
_cRTL
_beng
041 _2eng
_aeng
082 _aB28, L1
100 _aWiner B. J
245 0 _aStatistical principles in experimental design Ed2
250 _aEd. 2
260 _aNew York
_bMcGraw Hill
_c1971
300 _axv,907p.
_ccm.
490 _aMcGraw Hill series in sychology Ed. by Norman Garmezy etc
500 _aBibliography P 888-95; Appendix : P813-07
650 _aStatistics
_935791
942 _hB28, L1
_cGB
_2CC
999 _c592198
_d592198